000 00233nam a2200097Ia 4500
001 986575
005 20250826221103.0
008 250824s9999 xx 000 0 und d
245 0 _aKENDİNİ BULMAK
_cİHSAN FAZLIOĞLU
260 _bKETEBE
999 _c986575
_d986575